[Event "Petrosian Mem Open"]
[Site "Yerevan ARM"]
[Date "2004.11.23"]
[Round "5"]
[White "Paichadze,L"]
[Black "Bagaturov,G"]
[Result "0-1"]
[WhiteElo "2227"]
[BlackElo "2451"]

1.e4 c5 2.Nf3 Nc6 3.Bb5 g6 4.O-O Bg7 5.d3 e5 6.Bxc6 bxc6 7.Be3 d6 8.Qc1 f5
9.exf5 gxf5 10.Re1 h6 11.Nfd2 Nf6 12.f4 Ng4 13.fxe5 Nxe3 14.Rxe3 dxe5 15.Nf3 O-O
16.Nbd2 Ba6 17.Qe1 Re8 18.Kh1 Qf6 19.Rd1 c4 20.d4 e4 21.Ne5 Rad8 22.c3 c5
23.Ndxc4 cxd4 24.cxd4 Bxc4 25.Nxc4 Rxd4 26.b3 f4 27.Rxd4 Qxd4 28.Re2 e3 29.Nd2 Qd3
30.Nf3 Bc3 31.Qf1 Rc8 32.g3 Bd2 33.Ne1 Bxe1 34.Qxe1 Qe4+ 35.Kg1 Rc7 36.Qd1 Kh7
37.Qe1 Re7  0-1

[Event "Acropolis IM Open"]
[Site "Athens GRE"]
[Date "2004.11.24"]
[Round "9"]
[White "Fontaine,R"]
[Black "Solak,D"]
[Result "0-1"]
[WhiteElo "2531"]
[BlackElo "2563"]

1.e4 c5 2.Nf3 Nc6 3.Bb5 g6 4.O-O Bg7 5.c3 e5 6.d4 cxd4 7.cxd4 Nxd4 8.Nxd4 exd4
9.Bf4 Ne7 10.Na3 O-O 11.Bd6 Re8 12.Qf3 Nc6 13.Bc4 Re6 14.Nb5 a6 15.Nc7 Rf6
16.Qg3 Rxd6 17.Nxa8 Ne5 18.Bd5 b5 19.Rac1 Rc6 20.Bxc6 dxc6 21.Rc5 Qd6 22.b4 Be6
23.Rd1 h5 24.h3 Qb8 25.Nb6 h4 26.Qh2 g5 27.f4 Ng6 28.f5 Nf4 29.fxe6 Ne2+
30.Kh1 Ng3+ 31.Qxg3 hxg3 32.e7 Qe8 33.Rd3 Qxe7 34.Rxg3 Be5 35.Rd3 Bc7 36.Nc8 Qxe4
37.Rd1 Qf4 38.Kg1 Qh2+ 39.Kf2 Qf4+ 40.Kg1 Qh2+ 41.Kf2 Bg3+ 42.Kf3 Bh4 43.Rc2 Qf4+  0-1

[Event "XXI WJun Women"]
[Site "Kochin IND"]
[Date "2004.11.24"]
[Round "8"]
[White "Raghavi,N"]
[Black "Majdan,J"]
[Result "1/2-1/2"]
[WhiteElo "2117"]
[BlackElo "2219"]

1.e4 c5 2.Nf3 Nc6 3.Bb5 g6 4.Bxc6 bxc6 5.O-O Bg7 6.c3 f6 7.d4 cxd4 8.cxd4 Nh6
9.Be3 Nf7 10.Nc3 d6 11.h3 O-O 12.Re1 e5 13.Rc1 Kh8 14.Qd2 h6 15.dxe5 fxe5
16.Red1 Be6 17.Na4 Qe8 18.Qc2 Bd7 19.b3 Qe7 20.Qd3 Qf6 21.Qe2 g5 22.Nh2 Qg6
23.Rc3 h5 24.Bc1 Rad8 25.Nb2 Nh6 26.Nc4 Rf6 27.Rcd3 Nf7 28.Nf3 Re8 29.Nh2 Bc8
30.g4 h4 31.f3 Ba6 32.Qd2 Bf8 33.Qa5 Bxc4 34.bxc4 Nd8 35.Qxa7 Ne6 36.Be3 Rf7
37.Qa6 c5 38.Rb1 Nd4 39.Bxd4 exd4 40.Rb7 Rxb7 41.Qxb7 Bg7 42.a4 Qe6 43.Qb5 Qg8
44.Rb3 Be5 45.Nf1 d3 46.a5 Bd4+ 47.Kg2 Qf7 48.Rxd3 Rxe4 49.Rd2 Re1 50.Qb3 Kg7
51.a6 Qe7 52.Qb7 Qxb7 53.axb7 Rb1 54.Rc2 Rxb7 55.Nd2 Be3 56.Kf1 Bf4 57.Ke2 Kf7
58.Kd3 Ra7 59.Ne4 Ke6 60.Nc3 Be5 61.Ra2 Rf7 62.Ne4 Rxf3+ 63.Ke2 Rf4 64.Nxg5+ Kf6
65.Nf3 Rxc4 66.Nxh4 Bg3 67.Nf5 Rc3 68.Rd2 Bf4 69.Rd3 Rc2+ 70.Kf3 c4 71.Rd1 Be5
72.Ke4  1/2-1/2

[Event "17th Belgrade Trophy"]
[Site "Obrenovac SCG"]
[Date "2004.11.24"]
[Round "3"]
[White "Popovic,Du"]
[Black "Cornette,M"]
[Result "1-0"]
[WhiteElo "2447"]
[BlackElo "2373"]

1.e4 c5 2.Nf3 Nc6 3.Bb5 Nf6 4.Nc3 Qc7 5.O-O Nd4 6.Nxd4 cxd4 7.Nd5 Nxd5 8.exd5 Qc5
9.c4 a6 10.Ba4 b5 11.b4 Qxb4 12.cxb5 g6 13.Bb3 axb5 14.d3 Bg7 15.Bd2 Qd6
16.Qe1 Qe5 17.Qc1 O-O 18.Re1 Qf5 19.Rxe7 Bb7 20.Qc7 Bf6 21.Re4 Rab8 22.Bh6 Bg7
23.Bxg7 Kxg7 24.Qc5 Qf6 25.Rae1 d6 26.Qxb5 Rfc8 27.Qa4 Rc3 28.Qxd4 Qxd4 29.Rxd4 Ba6
30.h3 Rxd3 31.Ra4 Bc8 32.Re8 Rbxb3 33.axb3 Bd7 34.Re3 Rd1+ 35.Kh2 Bxa4 36.bxa4 Rxd5
37.Ra3 Ra5 38.Kg3 f5 39.Kf4 Kf6 40.Ke3 Ke5 41.Kd3 Kd5 42.Ra1 Kc5 43.Kc3 d5
44.f4 h6 45.h4 Kc6 46.g3 Kc5 47.Kd3 Kd6 48.Ra3 Kc5 49.Kc3 Ra8 50.a5 d4+ 51.Kd3 Re8
52.Kd2 Kb4 53.Ra1 Kc4 54.a6 Ra8 55.a7 d3 56.Ra2 Kb3 57.Ra6 Kc4 58.Ra1 Kd4
59.Ra4+ Kc5 60.Kxd3 Kb5 61.Ra1 Rd8+ 62.Ke3 Ra8 63.Kd4  1-0

[Event "Lushki B"]
[Site "Serpukhov RUS"]
[Date "2004.11.24"]
[Round "8"]
[White "Nebolsina,V"]
[Black "Kleiman,B"]
[Result "1/2-1/2"]
[WhiteElo "2218"]
[BlackElo "2316"]

1.e4 c5 2.Nf3 Nc6 3.Bb5 g6 4.Bxc6 dxc6 5.h3 Bg7 6.d3 Nf6 7.Nc3 O-O 8.Be3 b6
9.Qd2 Ne8 10.Bh6 Nc7 11.h4 f6 12.O-O-O e5 13.Rdg1 Ne6 14.g4 Nd4 15.Ne1 Be6
16.Bxg7 Kxg7 17.f4 exf4 18.Qxf4 Qb8 19.Qe3 Qe5 20.Kb1 Rad8 21.Nd1 Bg8 22.c3 Ne6
23.Rf1 Rd7 24.Qf2 c4 25.Qe3 cxd3 26.Nxd3 Qb5 27.Rf3 Rfd8 28.N1f2 Nc5 29.Qf4 Rf7
30.e5 Nxd3 31.exf6+ Kh8 32.Rxd3 Rxd3 33.c4 Rf3 34.Qxf3 Qxc4 35.b3 Qd4 36.g5 Rf8
37.Qg3 Be6 38.a4 Bf5+ 39.Ka2 Re8 40.Qf3 Qd2+ 41.Ka3 Qd6+ 42.Ka2 Qd2+ 43.Ka3 Re2
44.Qxc6 Qb2+ 45.Kb4 Qd4+ 46.Ka3 Qb2+  1/2-1/2

[Event "ch-CRO"]
[Site "Zagreb CRO"]
[Date "2004.11.24"]
[Round "9"]
[White "Brkic,A"]
[Black "Kuljasevic,D"]
[Result "1-0"]
[WhiteElo "2454"]
[BlackElo "2410"]

1.e4 c5 2.Nf3 Nc6 3.Bb5 e6 4.O-O Nge7 5.b3 Ng6 6.Bb2 f6 7.Re1 a6 8.Bf1 Be7
9.d4 cxd4 10.Nxd4 O-O 11.c4 Qb6 12.Nc2 Qc7 13.Ne3 Bd6 14.g3 Be5 15.Nc3 Qa5
16.Rc1 b5 17.Qd2 Bb7 18.Bg2 Rad8 19.h4 Nge7 20.Rcd1 Kh8 21.cxb5 axb5 22.a4 bxa4
23.Nc4 Qb4 24.Nxe5 Nxe5 25.Nxa4 Qxb3 26.Nc5 Qb5 27.Bxe5 fxe5 28.Qd6 Nc8 29.Qc7 Qc4
30.Rc1 Qd4 31.Nxb7 Rxf2 32.Kh1 Rdf8 33.Qxc8 Qd2 34.Rg1 d5 35.exd5 exd5 36.Qc7 e4
37.Rcf1 e3 38.Rxf2 Qxf2 39.Qe5 e2 40.Bxd5 h6 41.Bg2 Rf5 42.Qe8+ Rf8 43.Qe5 Rf5
44.Qc3 Rf8 45.Nd6 Rd8 46.Qe5 Rf8 47.Kh2 Kh7 48.Nc4 Rf5 49.Qe3  1-0

[Event "RusFed Internet Blitz Cup"]
[Site "ChessAssistantClub INT"]
[Date "2004.11.25"]
[Round "9"]
[White "Shaposhnikov,E"]
[Black "Poluljahov,A"]
[Result "1-0"]
[WhiteElo "2578"]
[BlackElo "2504"]

1.e4 c5 2.Nf3 Nc6 3.Bb5 g6 4.O-O Bg7 5.c3 Nf6 6.Re1 O-O 7.Qa4 Qb6 8.d4 a6
9.Bf1 cxd4 10.cxd4 d5 11.e5 Ne4 12.Nc3 Nxc3 13.bxc3 Bg4 14.Nd2 f6 15.Rb1 Qc7
16.exf6 Rxf6 17.Qb3 b5 18.Qxd5+ Kh8 19.Ne4 Rf5 20.Qb3 Na5 21.Qc2 Rff8 22.Nc5 e5
23.Be3 Bf5 24.Bd3 Nc4 25.Bxf5 Rxf5 26.Qe2 Qc6 27.a4 Raf8 28.axb5 axb5 29.Rf1 exd4
30.cxd4 Re8 31.Qd3 h5 32.Qb3 Rd5 33.Rbd1 Rb8 34.Qb1 Kh7 35.Ne4 b4 36.Ng5+ Kg8
37.Rc1 b3 38.Qd3 b2 39.Rxc4 b1=Q 40.Qxb1  1-0

[Event "17th Belgrade Trophy"]
[Site "Obrenovac SCG"]
[Date "2004.11.25"]
[Round "4"]
[White "Toth,Al"]
[Black "Raetsky,A"]
[Result "0-1"]
[WhiteElo "2199"]
[BlackElo "2430"]

1.e4 c5 2.Nf3 Nc6 3.Bb5 e6 4.Bxc6 bxc6 5.O-O Ne7 6.Re1 Ng6 7.d3 Be7 8.Nc3 O-O
9.b3 e5 10.Ne2 d6 11.Ng3 f5 12.exf5 Bxf5 13.Nxf5 Rxf5 14.c3 Qd7 15.Be3 Raf8
16.Nd2 d5 17.f3 Bd6 18.Qe2 Qe7 19.g3 Qd7 20.Qg2 h5 21.h4 Qc7 22.Rac1 R5f7
23.Bf2 Qa5 24.Rc2 Ne7 25.Kh1 Qa6 26.c4 Nf5 27.Qg1 Nd4 28.Bxd4 cxd4 29.Qf1 e4
30.f4 e3 31.Nb1 dxc4 32.bxc4 Bxf4 33.gxf4 Rxf4 34.Qh3 c5 35.Rg1 Qf6 36.Rh2 Rf1
37.Qg3 Rxg1+ 38.Qxg1 Qf3+ 39.Rg2 Rf4 40.Qh2 e2  0-1

[Event "Lushki A"]
[Site "Serpukhov RUS"]
[Date "2004.11.25"]
[Round "9"]
[White "Komliakov,V"]
[Black "Khismatullin,D"]
[Result "1-0"]
[WhiteElo "2434"]
[BlackElo "2552"]

1.e4 c5 2.Nf3 Nc6 3.Bb5 g6 4.Bxc6 dxc6 5.h3 Bg7 6.d3 e5 7.a4 Qe7 8.a5 Nf6
9.Be3 Nd7 10.Qd2 Nf8 11.Qc3 Ne6 12.Nbd2 f6 13.a6 b6 14.b4 Bf8 15.bxc5 Nxc5
16.O-O Qe6 17.d4 Nxa6 18.dxe5 Bb4 19.Qb2 fxe5 20.Nxe5 O-O 21.Ndf3 Bb7 22.Ng4 Rxf3
23.Nh6+ Kf8 24.gxf3 Ke8 25.Qh8+ Bf8 26.Qxh7 Bc8  1-0

[Event "17th Belgrade Trophy"]
[Site "Obrenovac SCG"]
[Date "2004.11.26"]
[Round "5"]
[White "Nanu,C"]
[Black "Andonov,B"]
[Result "0-1"]
[WhiteElo "2459"]
[BlackElo "2331"]

1.e4 c5 2.Nf3 Nc6 3.Bb5 Nf6 4.e5 Nd5 5.Nc3 Nc7 6.Bxc6 dxc6 7.h3 g6 8.d3 Bg7
9.Be3 b6 10.Qd2 h6 11.O-O Be6 12.Ne2 Bd5 13.d4 Bxf3 14.gxf3 cxd4 15.Qxd4 Qxd4
16.Bxd4 c5 17.Bc3 Nd5 18.Rfe1 O-O-O 19.f4 e6 20.Bd2 Rd7 21.Ng3 Rhd8 22.Ne4 Bf8
23.Kg2 Be7 24.c4 Nb4 25.Bxb4 cxb4 26.Rac1 Bc5 27.Rc2 Kc7 28.Ree2 Rd4 29.b3 a5
30.Kg3 a4 31.bxa4 Ra8 32.f3 Rxa4 33.Red2 Rxd2 34.Rxd2 Ra8 35.h4 Rd8 36.Rc2 Rd1
37.Nf6 Kc6 38.Ng4 Bf8 39.Nf2 Rd4 40.Ne4 Bc5 41.Nf2 Kb7 42.Ne4 Ka6 43.Nd2 Rd3
44.Ne4 Ka5 45.h5 gxh5 46.Rh2 Ra3 47.Nd6 f5 48.exf6 Bxd6 49.Rxh5+ Ka6 50.Rxh6 Ra5
51.f7 Rg5+ 52.Kh3 Rf5 53.Rxe6 Bc5 54.Kg4 Rxf7 55.f5 Rg7+ 56.Kf4 Rg2 57.Re8 Kb7
58.f6 Rxa2 59.f7 b3 60.Re1 Rc2 61.Rb1 Rxc4+ 62.Ke5 Rb4 63.Ke6  0-1

[Event "Lushki A"]
[Site "Serpukhov RUS"]
[Date "2004.11.26"]
[Round "11"]
[White "Zaitsev,Vl2"]
[Black "Papin,V"]
[Result "1/2-1/2"]
[WhiteElo "2392"]
[BlackElo "2411"]

1.e4 c5 2.Nf3 Nc6 3.Bb5 g6 4.O-O Bg7 5.Re1 Qb6 6.Bxc6 Qxc6 7.d4 cxd4 8.Nxd4 Qb6
9.Nb3 d6 10.Nc3 Be6 11.Be3 Qd8 12.Nd4 Bd7 13.Nd5 Bc6 14.Qe2 Bxd5 15.exd5 Nf6
16.Bg5 O-O 17.c4 Qb6 18.Nb3 Rfe8 19.Be3 Qc7 20.Rac1 a6 21.Bd2 Rac8 22.h3 Nd7
23.Be3 Qb8 24.Bd4 Bxd4 25.Nxd4 Qa7 26.Qd2 Rc7 27.b3 Nf6 28.a4 Kg7 29.Rc3 Kh8
30.Qf4 Qb8 31.Rce3 Nh5 32.Qxd6 Ng7 33.Qf4 Kg8 34.Re4 Qd8 35.Qh6 Nh5 36.Nf3 f5
37.Rh4 e5 38.dxe6 Rce7 39.Rd4 Qb6 40.Re3 f4 41.Re5 Qxb3 42.Rd7 Rxd7 43.exd7 Qd1+
44.Kh2 Qxd7 45.Rxe8+ Qxe8 46.Qg5 Qd7 47.Qe5 Qc6 48.Ng5 h6 49.Ne4 b6 50.Qb8+ Kh7
51.Qa7+ Kg8 52.Qb8+ Kh7 53.Qa7+ Kg8 54.Qe7 Qxc4 55.Qe8+ Kg7 56.Qe5+ Kh7 57.Qe7+ Kg8
58.Nf6+ Nxf6 59.Qxf6 Kh7 60.Qe7+ Kg8 61.Qe8+ Kg7 62.Qe7+  1/2-1/2

[Event "Petrosian Mem Open"]
[Site "Yerevan ARM"]
[Date "2004.11.26"]
[Round "8"]
[White "Tereladze,S"]
[Black "Nadanian,A"]
[Result "0-1"]
[WhiteElo "2244"]
[BlackElo "2392"]

1.e4 c5 2.Nf3 Nc6 3.Bb5 g6 4.O-O Bg7 5.Nc3 Nd4 6.Nxd4 cxd4 7.Ne2 a6 8.Bc4 Nf6
9.d3 d5 10.exd5 Nxd5 11.c3 dxc3 12.bxc3 b5 13.Bb3 O-O 14.d4 Bb7 15.a4 Rc8
16.axb5 axb5 17.Bb2 Qb6 18.Qd3 Rfd8 19.Qg3 Qc6 20.Rfc1 Nb6 21.Rd1 Nc4 22.Bc1 Qe4
23.Re1 h6 24.Be3 e5 25.Bxc4 Rxc4 26.Rad1 Ra8 27.Qh3 h5 28.Ng3 Qc2 29.Qd7 Bc6
30.Qd6 h4 31.Nf1 h3 32.Rc1 Qf5 33.Ng3 Qc8 34.d5 Bb7 35.Rb1 Ra6 36.Bb6 hxg2
37.Re4 Rxc3 38.Rxb5 Ra1+ 39.Kxg2 Ba6 40.Ra5 Bf1+ 41.Kg1 Qh3  0-1

[Event "17th Belgrade Trophy"]
[Site "Obrenovac SCG"]
[Date "2004.11.27"]
[Round "6"]
[White "Vujacic,Bo"]
[Black "Stanojoski,Z"]
[Result "1/2-1/2"]
[WhiteElo "2400"]
[BlackElo "2506"]

1.e4 c5 2.Nf3 Nc6 3.Bb5 g6 4.Bxc6 dxc6 5.d3 Bg7 6.h3 e5 7.Nc3 Qe7 8.Be3 Nf6
9.Qd2 h6 10.Ng1 c4 11.dxc4 Be6 12.b3 Rd8 13.Qc1 b5 14.cxb5 cxb5 15.a3 Nh5
16.Nge2 f5 17.f3 f4 18.Bf2 Qg5 19.Kf1 a6 20.Kg1 Nf6 21.Qe1 Qh5 22.Rd1 O-O
23.Bc5 Rfe8 24.Kh2 Rc8 25.Bf2 g5 26.Kg1 Bf8 27.Rd3 Qg6 28.Qc1 h5 29.Kf1 Red8
30.Rxd8 Rxd8 31.Bb6 Rd7 32.a4 g4 33.hxg4 hxg4 34.axb5 axb5 35.Qa1 Rg7 36.Ke1 gxf3
37.gxf3 Qg2 38.Rh6 b4 39.Nd1 Bh3 40.Rxh3 Qxh3 41.Qxe5 Qh1+ 42.Kd2 Nd7 43.Qd5+ Rf7
44.Qg5+ Bg7 45.Bd4 Qxf3 46.Bxg7 Rxg7 47.Qxf4 Qh5 48.Ne3 Ne5 49.Nd5 Ng4 50.Nd4 Qg5
51.Qxg5 Rxg5 52.Nxb4 Nf6 53.Nf3 Rb5 54.Nd3 Nxe4+ 55.Ke3 Nc3 56.Kd4 Ne2+ 57.Kc4 Rb8
58.b4 Kf7 59.Nd4 Rc8+ 60.Nc5 Nxd4 61.Kxd4 Ke7 62.c4 Kd6  1/2-1/2

[Event "It"]
[Site "Legnica POL"]
[Date "2004.12.03"]
[Round "1"]
[White "Cicak,S"]
[Black "Laznicka,V"]
[Result "0-1"]
[WhiteElo "2545"]
[BlackElo "2478"]

1.e4 c5 2.Nf3 Nc6 3.Bb5 d6 4.O-O Bd7 5.Re1 a6 6.Bf1 Bg4 7.c3 Nf6 8.d4 cxd4
9.cxd4 d5 10.e5 Nd7 11.Be3 e6 12.Nbd2 Be7 13.Bd3 Rc8 14.a3 Bh5 15.Qb1 Bg6
16.Bxg6 hxg6 17.g3 Nb6 18.h4 Nc4 19.Nxc4 dxc4 20.Qe4 Qd5 21.Qg4 b5 22.Nd2 g5
23.h5 g6 24.h6 Rxh6 25.Ne4 Kd7 26.Bxg5 Rh5 27.Be3 Rch8 28.Kf1 Rh2 29.Red1 Kc7
30.Ke2 c3 31.Nxc3 Qc4+ 32.Kf3 R8h5 33.Qe4 Rf5+ 34.Kg4 Rxe5 35.Qd3 Rg5+ 36.Kf4 Rf5+
37.Ke4 Qd5+  0-1

[Event "TCh-SLO"]
[Site "Celje SLO"]
[Date "2004.12.04"]
[Round "8"]
[White "Kovac,B"]
[Black "Roskar,R"]
[Result "1-0"]
[WhiteElo "2316"]
[BlackElo "2245"]

1.e4 c5 2.Nf3 Nc6 3.Bb5 g6 4.Bxc6 dxc6 5.h3 Bg7 6.d3 Nf6 7.O-O O-O 8.Nc3 Ne8
9.Be3 b6 10.Qd2 Nc7 11.Bh6 Ne6 12.Bxg7 Kxg7 13.Ne2 Nd4 14.Qc3 e5 15.Nfxd4 cxd4
16.Qxc6 Be6 17.Qa4 Rc8 18.c4 dxc3 19.Nxc3 Qg5 20.f4 exf4 21.Rf3 Rfd8 22.Rd1 a5
23.Kh1 Qh5 24.Rd2 g5 25.Qb5 Bg4 26.Qe5+ Kg8 27.Rf1 Re8 28.Qd5 Be6 29.Qd4 Bxh3
30.gxh3 Qxh3+ 31.Kg1 Re6 32.Qf2 Rh6 33.Qf3 Qh4 34.Rg2 Rb8 35.Rb1 Rg6 36.Rh2 g4
37.Qxf4 Qd8 38.Nd5 Rc8 39.Rf1  1-0

[Event "Open"]
[Site "Porec HUN"]
[Date "2004.12.04"]
[Round "5"]
[White "Pahor,A"]
[Black "Sikanjic,B"]
[Result "0-1"]
[WhiteElo "2063"]
[BlackElo "2153"]

1.e4 c5 2.Nf3 Nc6 3.Bb5 d6 4.d4 cxd4 5.Qxd4 Bd7 6.Bxc6 Bxc6 7.O-O Nf6 8.Nc3 e6
9.Bg5 Be7 10.Rad1 Qc7 11.Rfe1 O-O 12.Qd3 Rfd8 13.Nd4 a6 14.h3 b5 15.Nxc6 Qxc6
16.a3 Rac8 17.Re2 h6 18.Bh4 Qc5 19.Qd4 Qh5 20.Bxf6 Bxf6 21.Qe3 Bxc3 22.bxc3 Rxc3
23.Qxc3 Qxe2 24.Re1 Qc4 25.Qa5 Qc8 26.Re3 Rd7 27.Rc3 Qb7 28.f3 d5 29.e5 d4
30.Rd3 Rd5 31.f4 Qc6 32.Qd2 Qc5 33.Kh2 Qc4 34.Kg3 a5 35.h4 h5 36.Qxa5 Qxc2
37.Qd2 Qxd2 38.Rxd2 Rc5 39.Rxd4 Rc3+ 40.Kf2 Rxa3 41.Rb4 Ra4 42.Rxb5 Rxf4+
43.Kg3 Rf5 44.Rc5 Kh7 45.Rc7 Kg6 46.Rc6 Rxe5 47.Kf4 Ra5 48.Rc4 Ra2 49.g4 hxg4
50.Kxg4 Rg2+ 51.Kf3 Rg1 52.Kf4 Rh1 53.Kg4 f5+ 54.Kg3 Rg1+ 55.Kf3 Kf6 56.Rc6 Rg4  0-1

[Event "Open"]
[Site "Porec HUN"]
[Date "2004.12.04"]
[Round "6"]
[White "Loncar,R"]
[Black "Paljusaj,E"]
[Result "1-0"]
[WhiteElo "2385"]
[BlackElo "2216"]

1.e4 c5 2.Nf3 Nc6 3.Bb5 g6 4.O-O Bg7 5.Nc3 e5 6.Bxc6 dxc6 7.d3 Qd6 8.Be3 Nf6
9.h3 O-O 10.a3 Re8 11.Nd2 Be6 12.Rb1 Nd7 13.Ne2 a5 14.a4 Rad8 15.Qe1 b5 16.b3 f5
17.f4 exf4 18.Bxf4 Be5 19.Qh4 Qe7 20.Qxe7 Rxe7 21.Bg5 Bf6 22.Bxf6 Nxf6 23.Ng3 Nxe4
24.Ndxe4 fxe4 25.Nxe4 c4 26.dxc4 bxc4 27.bxc4 Bxc4 28.Rf4 Kg7 29.Nc5 Bg8
30.Rb7 Rxb7 31.Nxb7 Rd1+ 32.Kh2 Rd2 33.c4 Ra2 34.Nxa5 Rxa4 35.Nxc6 Rxc4 36.Nd4 Rc3
37.Nb5 Rc2 38.Nd6 Re2 39.Rd4 Re7 40.Kg3 Re3+ 41.Kf4 Re7 42.h4 h6 43.g3 Re1
44.Ne4 Rf1+ 45.Ke5 Rf3 46.Rd7+ Rf7 47.Rd6 Re7+ 48.Kf4 Bf7  1-0

[Event "TCh-SWE Elitserien 2004-5"]
[Site "Stockholm/Eksjo SWE"]
[Date "2004.12.04"]
[Round "4"]
[White "Andersson,J"]
[Black "Semcesen,D"]
[Result "0-1"]
[WhiteElo "2150"]
[BlackElo "2212"]

1.e4 c5 2.Nf3 Nc6 3.Bb5 e6 4.Nc3 Nge7 5.O-O Nd4 6.Nxd4 cxd4 7.Ne2 Qb6 8.Bd3 Nc6
9.c3 Be7 10.Qb3 Bc5 11.Qxb6 Bxb6 12.b3 Ne5 13.Bb1 dxc3 14.dxc3 d6 15.Ba3 Bc5
16.Bxc5 dxc5 17.f4 Nc6 18.e5 f6 19.exf6 gxf6 20.Be4 Bd7 21.Rad1 O-O-O 22.Rd2 Be8
23.Rfd1 Rxd2 24.Rxd2 Kc7 25.Kf2 Ne7 26.b4 b6 27.Ng3 f5 28.Bf3 Rg8 29.Re2 Bd7
30.Nf1 Rd8 31.Ne3 Bb5 32.Rb2 cxb4 33.cxb4 Rd4 34.g3 Kd6 35.Be2 Bxe2 36.Kxe2 Nd5
37.a3 Nc3+ 38.Kf3 Rd3 39.Rd2 Rxd2 40.Nc4+ Kd5 41.Nxd2 Nb5 42.g4 fxg4+ 43.Kxg4 Nxa3
44.Kg5 Nc2 45.h4 Nxb4 46.h5 Nc6 47.Kh6 a5 48.Kxh7 Ne7 49.h6 Nf5 50.Kg6 Nxh6
51.Kxh6 b5 52.Kg5 b4 53.Kf6 a4 54.Nb1 a3 55.Nd2 a2 56.Nb3 Kc4 57.Na1 b3 58.Nxb3 Kxb3
59.Kxe6 a1=Q 60.f5 Qg7 61.f6 Qf8  0-1

[Event "22nd Cairnhill Open"]
[Site "Singapore SIN"]
[Date "2004.12.05"]
[Round "4"]
[White "Goh Weiming"]
[Black "Tu Hoang Thong"]
[Result "1/2-1/2"]
[WhiteElo "2353"]
[BlackElo "2499"]

1.e4 c5 2.Nf3 Nc6 3.Bb5 e6 4.O-O Nge7 5.c3 a6 6.Ba4 c4 7.Re1 g6 8.d4 b5 9.Bc2 d5
10.Bg5 Bg7 11.Qc1 f6 12.Bh6 O-O 13.h3 Rb8 14.Bxg7 Kxg7 15.Nbd2 b4 16.Nf1 bxc3
17.bxc3 Qa5 18.Bb1 Bd7 19.Ne3 Rb5 20.Qd2 Ng8 21.Ng4 Nce7 22.e5 f5 23.Nf6 Nxf6
24.exf6+ Rxf6 25.Bc2 Nc6 26.Qf4 h6 27.h4 Be8 28.Re3 Rb2 29.Bd1 Qb5 30.Qc7+ Kg8
31.Qd6 Qb8 32.Qa3 Rb5 33.Qc1 Rb6 34.Ba4 Nxd4 35.cxd4 Bxa4 36.Ra3 Bb5 37.Qxh6 Qf8
38.Qe3 f4 39.Qc3 Be8 40.Rc1 Rf7 41.Ne5 Rfb7 42.Ra5 Qb4 43.Rc5 Qxc3 44.Rxc3 Rb5
45.Rc8 Rb8 46.Rc7 R8b7 47.Rc8 Rb8  1/2-1/2

[Event "ch-IND"]
[Site "Visakhapatnam IND"]
[Date "2004.12.05"]
[Round "2"]
[White "Venkatesh,M"]
[Black "Roy Chowdhury,S"]
[Result "1/2-1/2"]
[WhiteElo "2450"]
[BlackElo "2376"]

1.e4 c5 2.Nf3 Nc6 3.Bb5 g6 4.O-O Bg7 5.c3 Nf6 6.e5 Nd5 7.d4 cxd4 8.cxd4 O-O
9.Nc3 Nxc3 10.bxc3 d6 11.exd6 Qxd6 12.a4 Qc7 13.Ba3 Rd8 14.Qe2 Bg4 15.h3 Bxf3
16.Qxf3 Na5 17.Rfd1 e6 18.Rac1 Nc4 19.Bxc4 Qxc4 20.Qxb7 Qxa4 21.Bc5 a5 22.Ra1 Qd7
23.Rdb1 Qxb7 24.Rxb7 Rdc8 25.Rb5 a4 26.Ra3 Bf8 27.Bxf8 Kxf8 28.Kf1 Ra6 29.Ke2 Rc7
30.Kd3 Ke7 31.f4 h5 32.c4 Kd6 33.Kc3 Rca7 34.d5 exd5 35.Rxd5+ Kc6 36.Kd4 Ra5
37.Rd8  1/2-1/2

[Event "UTD GM"]
[Site "Dallas USA"]
[Date "2004.12.08"]
[Round "2"]
[White "Kujovic,M"]
[Black "Moiseenko,A"]
[Result "1-0"]
[WhiteElo "2360"]
[BlackElo "2653"]

1.e4 c5 2.Nf3 Nc6 3.Bb5 e6 4.O-O Nge7 5.c3 a6 6.Ba4 c4 7.d4 cxd3 8.Qxd3 Ng6
9.Bg5 Qc7 10.Nbd2 Bc5 11.b4 Ba7 12.Nc4 O-O 13.Bxc6 Qxc6 14.Nfe5 Qb5 15.Nxg6 hxg6
16.Be7 Re8 17.a4 Qh5 18.Bd6 b6 19.Bc7 d5 20.exd5 exd5 21.Nxb6 Bxb6 22.Bxb6 Bb7
23.Rfe1 Re4 24.f3 Rh4 25.Bc7 Rc8 26.Bg3 Rhc4 27.Be5 Rh4 28.g4 Qg5 29.Qe3 Qd8
30.Bd4 Rh3 31.Qe7 Rxf3 32.Qxb7 Rc7 33.Qxa6 Qd7 34.Qe2 Qxg4+ 35.Qg2 Qh5 36.Re5 f5
37.Rf1 Rh3 38.Qxd5+ Kh7 39.Re8 Qg4+ 40.Kh1 Qg3 41.Qg8+ Kh6 42.Qh8+ Kg5 43.Rg1 Qxg1+
44.Kxg1 Rxh8 45.Rxh8 Re7 46.Kf2 Kg4 47.a5  1-0

[Event "Open"]
[Site "Ashdod ISR"]
[Date "2004.12.09"]
[Round "1"]
[White "Gofshtein,Z"]
[Black "Tsifanskaya,L"]
[Result "1-0"]
[WhiteElo "2534"]
[BlackElo "2182"]

1.e4 c5 2.Nf3 Nc6 3.Bb5 g6 4.O-O Bg7 5.c3 Nf6 6.Re1 O-O 7.d4 d5 8.exd5 Qxd5
9.c4 Qd6 10.dxc5 Qxd1 11.Rxd1 Ne4 12.Na3 Bg4 13.h3 Bxf3 14.gxf3 Nxc5 15.Be3 Ne6
16.Nc2 Bxb2 17.Rab1 Be5 18.Rd7 Rfc8 19.Rxb7 Na5 20.Rxe7 Bf6 21.Rxa7 Rxa7
22.Bxa7 Nxc4 23.Ba6 Ra8 24.Rb8+ Rxb8 25.Bxb8 Ne5 26.Bb7 Nf4 27.a4 Nxh3+ 28.Kf1 Nd7
29.Bd6 Bd8 30.Bc8 Nb6 31.Bxh3 Nxa4 32.Bd7 Nb6 33.Bb5 Kg7 34.Ne3 Nc8 35.Bf4 h5
36.Nd5 f6 37.Bd7 Nb6 38.Nxb6 Bxb6 39.Be8 Bd8 40.Kg2 f5 41.Be5+ Kh6 42.f4 Be7
43.Kf3 Bc5 44.Bf6 Bd6 45.Bb5 Bc5 46.Bg5+ Kg7 47.Ke2 Bd6 48.Bc6 Bc5 49.Bg2 Bd6
50.Kd3 Bc5 51.f3 Ba3 52.Kd4 Bb2+ 53.Kd5 Bc1 54.Ke6 Bd2 55.Bf1 Bc3 56.Bc4 Bd2
57.Ke7 Bb4+ 58.Ke8 Bd6 59.Kd7 Bb4 60.Ke6 Bd2 61.Bd5 Be1 62.Bf6+ Kh7 63.Kf7 Bd2
64.Be5 Ba5 65.Bc4 Bb6 66.Bd6 Bd4 67.Be2 Bb6 68.Bf1 Bd4 69.Bc4 Bb6 70.Kf8 Be3
71.Bg8+ Kh6 72.Bc4 g5 73.fxg5+ Kxg5 74.Kf7 f4 75.Be7+ Kf5 76.Bd3+ Ke5 77.Bg6  1-0

[Event "It"]
[Site "Legnica POL"]
[Date "2004.12.09"]
[Round "9"]
[White "Stopa,Ja"]
[Black "Izbinski,B"]
[Result "1-0"]
[WhiteElo "2308"]
[BlackElo "2289"]

1.e4 c5 2.Nf3 Nc6 3.Bb5 g6 4.O-O Bg7 5.Re1 Nf6 6.c3 O-O 7.h3 d6 8.d4 cxd4
9.cxd4 a6 10.Bf1 d5 11.e5 Ne4 12.Nc3 Nxc3 13.bxc3 Na5 14.Nh2 Qc7 15.Re3 Nc4
16.Rg3 f6 17.Qf3 Qc6 18.exf6 exf6 19.Ng4 Bxg4 20.hxg4 Rfe8 21.Bf4 Re6 22.Rh3 Rae8
23.g5 Re1 24.Rxe1 Rxe1 25.gxf6 Bxf6 26.Bh6 Bg7 27.Qf4 Bxh6 28.Qxh6 Qd7 29.Rf3 Qe7
30.g3 g5 31.Rf5 Nd2 32.Rxg5+ Kh8 33.Rf5 Rxf1+ 34.Kh2 Rh1+ 35.Kxh1 Qe4+ 36.Kh2 Nf1+
37.Kg1 Qxf5 38.Kxf1 Kg8 39.Qd2 Qe4 40.Kg1 a5 41.Kh2 Qf5 42.Qe2 Qc8 43.Qe5 Qc6
44.Kg2 a4 45.Kh3 a3 46.Qb8+ Kg7 47.Qa7 Qd7+ 48.Kg2 Qe7 49.Qc5 Qe4+ 50.Kh2 Qf3
51.Qe7+ Kg6 52.Qe6+ Kg7 53.Qe5+ Kg6 54.Kg1 b5 55.Qe8+ Kg7 56.Qxb5 Qe4 57.Qb7+ Kg6
58.Qa6+ Kh5 59.Qxa3 Qe1+ 60.Kg2 Qe4+ 61.Kh2 Qc2 62.Qf8 Qxa2 63.Qf6 Qb1 64.Qe5+ Kg6
65.Qe6+ Kg7 66.Qxd5 Qc2 67.Qe5+ Kg6 68.Qe3 h5 69.Kg2 h4 70.gxh4 Qb3 71.Qg3+ Kh7
72.Qc7+ Kh6 73.c4 Qd3 74.Qf4+ Kh7 75.d5 Qg6+ 76.Kh2 Kh8 77.c5 Qf7 78.Qh6+  1-0

[Event "ch-GRE w"]
[Site "Athens GRE"]
[Date "2004.12.10"]
[Round "7"]
[White "Sperdokli,E"]
[Black "Botsari,A"]
[Result "0-1"]
[WhiteElo "2124"]
[BlackElo "2362"]

1.e4 c5 2.Nf3 Nc6 3.Bb5 e6 4.b3 Qf6 5.Nc3 Nd4 6.Be2 a6 7.a4 Bd6 8.a5 Nxf3+
9.Bxf3 Be5 10.Bb2 d6 11.g3 Bd4 12.O-O h5 13.Bg2 h4 14.Qf3 hxg3 15.hxg3 Qh6
16.Rfd1 Nf6 17.Ra2 Qh2+ 18.Kf1 Rh6 19.e5 dxe5 20.Ne4 Nxe4 21.Qxe4 Rf6 22.Bxd4 exd4
23.Qe5 Bd7 24.Qxc5 Rd8 25.Qc7 Rf5 26.Re1 Ke7 27.Qxb7 Qxg3 28.Re2 Rb8 29.Qxa6 Rbb5
30.Qa7 d3 31.cxd3 Qxd3 32.Ra1 Rfe5 33.Re1 Rxa5 34.Be4 Qxe2+  0-1

[Event "22nd Cairnhill Open"]
[Site "Singapore SIN"]
[Date "2004.12.10"]
[Round "9"]
[White "Goh Weiming"]
[Black "Mooi,O"]
[Result "0-1"]
[WhiteElo "2353"]
[BlackElo "2142"]

1.e4 c5 2.Nf3 Nc6 3.Bb5 Nd4 4.Nxd4 cxd4 5.O-O g6 6.d3 Nf6 7.f4 a6 8.Bc4 b5
9.Bb3 Bb7 10.Nd2 h5 11.Nf3 Qb6 12.Ne5 e6 13.Qe1 Bh6 14.Kh1 Ng4 15.c3 dxc3
16.h3 Rc8 17.Nf3 Bg7 18.bxc3 b4 19.Rb1 Bxc3 20.Bd2 Qd6 21.Bxc3 Rxc3 22.hxg4 hxg4+
23.Nh2 Rxd3 24.Rd1 g3 25.Qxg3 Rxg3 26.Rxd6 Bxe4 27.Rf3 Bxf3 28.gxf3 Ke7 29.Rd2 Rxf3
30.Kg2 Rxf4 31.Nf3 Rh5 32.Kg3 Re4 33.Bc2 Re3 34.Kf4 Rc3 35.Ne5 Rxe5 36.Kxe5 Rc4  0-1

[Event "It"]
[Site "Subotica SCG"]
[Date "2004.12.10"]
[Round "1"]
[White "Marjanusic,V"]
[Black "Pavlik,G"]
[Result "0-1"]
[WhiteElo "2273"]
[BlackElo "2166"]

1.e4 c5 2.Nf3 Nc6 3.Bb5 g6 4.Bxc6 dxc6 5.d3 Bg7 6.h3 Nf6 7.O-O O-O 8.Nc3 Qc7
9.Qe2 b6 10.Bd2 Rd8 11.Rae1 Nd7 12.e5 Nf8 13.Qe4 Ne6 14.Qh4 Nd4 15.Bf4 Nf5
16.Qg4 Be6 17.Ng5 Qd7 18.Nce4 h6 19.Nxe6 Qxe6 20.b3 Nd4 21.Qd1 Qf5 22.Ng3 Qe6
23.c3 Nb5 24.Qc2 Nc7 25.Bc1 Qd5 26.f4 Qxd3 27.Qf2 Qxc3 28.Bb2 Qd2 29.Re2 Qd3
30.f5 g5 31.f6 exf6 32.Nf5 Nd5 33.e6 Nf4 34.exf7+ Kh7 35.Nxg7 Qxe2 36.Bxf6 Qxf2+
37.Rxf2 Rf8  0-1

[Event "UTD GM"]
[Site "Dallas USA"]
[Date "2004.12.11"]
[Round "5"]
[White "Schneider,Dm"]
[Black "Fernandez,D"]
[Result "1/2-1/2"]
[WhiteElo "2453"]
[BlackElo "2391"]

1.e4 c5 2.Nf3 Nc6 3.Bb5 g6 4.O-O Bg7 5.Re1 Nf6 6.e5 Nd5 7.Nc3 Nc7 8.Bxc6 dxc6
9.Ne4 b6 10.d3 O-O 11.h3 Ne6 12.Be3 Nd4 13.Nxd4 cxd4 14.Bf4 a5 15.a4 Qd5
16.Nd2 c5 17.Nc4 Qe6 18.Qd2 Ba6 19.b3 Rfe8 20.Bh6 Bh8 21.Re4 Bb7 22.Re2 Bd5
23.f4 Bg7 24.Bxg7 Kxg7 25.Rf1 Kg8 26.Qe1 Qc6 27.Nd2 f5 28.exf6 exf6 29.Rff2 Kg7
30.Rxe8 Rxe8 31.Re2  1/2-1/2